Caught in the Web of Words (Record no. 927)

000 -LEADER
fixed length control field 00635nam a22002177a 4500
003 - CONTROL NUMBER IDENTIFIER
control field OSt
005 - DATE AND TIME OF LATEST TRANSACTION
control field 20210426104455.0
008 - FIXED-LENGTH DATA ELEMENTS--GENERAL INFORMATION
fixed length control field 210121s1979 ||||| |||| 00| 0 eng d
020 ## - INTERNATIONAL STANDARD BOOK NUMBER
International Standard Book Number 019282653
040 ## - CATALOGING SOURCE
Original cataloging agency eng
Language of cataloging eng
Transcribing agency DLC
041 ## - LANGUAGE CODE
Language code of text/sound track or separate title eng
080 ## - UNIVERSAL DECIMAL CLASSIFICATION NUMBER
Universal Decimal Classification number 92
Item number M-96
100 ## - MAIN ENTRY--PERSONAL NAME
9 (RLIN) 682
Personal name Murray, Elisabeth., K., M.
245 ## - TITLE STATEMENT
Title Caught in the Web of Words
Remainder of title : James A. H. Murray and the Oxford English Dictionary
Statement of responsibility, etc. / by: Oxford University Press
260 ## - PUBLICATION, DISTRIBUTION, ETC.
Place of publication, distribution, etc. Oxford
Name of publisher, distributor, etc. Oxford University Press
Date of publication, distribution, etc. 1979
300 ## - PHYSICAL DESCRIPTION
Extent 386 p.
Other physical details ill.
365 ## - TRADE PRICE
Price amount 2.95 gbp
650 #0 - SUBJECT ADDED ENTRY--TOPICAL TERM
9 (RLIN) 237
Topical term or geographic name entry element Biography
653 ## - INDEX TERM--UNCONTROLLED
Uncontrolled term ბიოგრაფია
942 ## - ADDED ENTRY ELEMENTS (KOHA)
Source of classification or shelving scheme
Koha item type Books
Holdings
Withdrawn status Lost status Source of classification or shelving scheme Damaged status Not for loan Permanent location Current location Date acquired Inventory number Total Checkouts Full call number Barcode Date last seen Price effective from Koha item type
          Ken Walker International University Ken Walker International University 01/21/2021 2403   92 M-96 2403 01/21/2021 01/21/2021 Books

Powered by Koha